Notes pour trop tard - Orelsan - PART 3 - Statistiques

Statistiques générales
  • Ce quiz a été pris 426 fois
  • Le résultat moyen est 260 sur 333
Statistiques - réponses
Réponse % Correct
à
96%
a
96%
si
93%
ta
93%
de
92%
la
92%
le
92%
pas
92%
tu
92%
les
91%
se
91%
un
91%
ces
90%
c'est
90%
des
89%
dès
89%
en
89%
que
89%
ton
89%
ça
88%
ou
88%
88%
seul
88%
sur
88%
une
88%
et
87%
par
87%
pour
87%
va
87%
y'a
87%
dans
86%
jamais
86%
même
86%
on
86%
soirée
86%
t'es
86%
tes
86%
très
86%
choses
85%
au
84%
avec
84%
d'famille
84%
faire
84%
qu'tu
84%
repas
84%
vie
84%
banales
83%
bite
83%
dessinée
83%
dire
83%
joue
83%
petit
83%
vas
83%
d'te
81%
s'parle
81%
temps
81%
déjà
80%
donc
80%
fort
80%
glace
80%
lever
80%
mal
80%
parle
80%
pire
80%
plein
80%
premier
80%
recaler
80%
sont
80%
terroriste
80%
t'évitera
80%
baiser
79%
t'endors
79%
t'faire
79%
viens
79%
vois
79%
amis
78%
autres
78%
base
78%
défaut
78%
d'passer
78%
mots
78%
sais
78%
t'as
78%
t'le
78%
cycles
77%
fais
77%
j'dois
77%
j'en
77%
mêmes
77%
qui
77%
rappeler
77%
seule
77%
t'ennuies
77%
tri
77%
trop
77%
défauts
76%
j'avoue
76%
photo
76%
prends
76%
quand
76%
sors
76%
table
76%
boire
75%
cas
75%
c'soir
75%
d'après
75%
experts
75%
grandes
75%
laisse
75%
mort
75%
piste
75%
règle
75%
semaine
75%
t'éclater
75%
ticket
75%
tôt
75%
trucs
75%
vrais
75%
doses
74%
rentreras
74%
rien
74%
s'regarder
74%
tenté
74%
façon
73%
fierté
73%
l'année
73%
mettre
73%
prochaine
73%
t'attaches
73%
danser
72%
t'allais
72%
bloques
71%
clichés
71%
devient
71%
d'vestiaire
71%
qu'un
71%
stables
71%
désolé
70%
grand-chose
70%
moyen
70%
part
70%
qu'j'retombe
69%
arrête
68%
compte
68%
remède
68%
savoir
68%
veux
68%
d'le
67%
l'temps
66%
plus
66%
rentres
66%
appel
65%
pareil
64%
peu
64%
rends-toi
64%
leur
63%
n'est
63%
prendre
63%
toi
63%
vérités
63%
bien
62%
visage
62%
être
61%
flipper
61%
pansements
61%
plaies
61%
questions
61%
changer
60%
décompose
60%
d'poser
60%
histoire
60%
s'préparer
60%
gens
59%
j'ai
59%
juste
59%
présent
59%
proches
59%
capte
58%
compliquées
58%
d'versions
58%
panser
58%
crois
57%
d'une
57%
embrouille
57%
meilleure
57%
verras
57%
attends
56%
chelous
56%
d'sortir
56%
qu'ils
56%
regretté
56%
t'y
56%
avant
55%
comme
55%
partiront
55%
sois
55%
l'avenir
54%
mauvaises
54%
nouvelles
54%
parano
54%
quelqu'un
54%
d'appeler
53%
parce
53%
passer
53%
souvent
53%
angoissé
51%
qu'y
51%
attentats
50%
conseil
50%
frappent
50%
fuir
50%
qu'ça
50%
d'demander
49%
heureux
48%
ni
47%
pressées
32%
d't'façons
17%
Aucun quiz correspondant
Distribution des résultats
% des personnes avec chaque résultat
Percentile par nombre de réponses
Votre historique - résultats
Vous n’avez pas pris ce quiz